000 00719nas a2200241 i 4500
001 1599
003 ES-MaACL
005 20250811235240.0
007 t|
008 950801d1986 xr a| p | ||pa d
080 _a437
080 _a73
245 0 0 _aPanorama de las artes plásticas checas /
_cUnión de Artistas Plásticos Checos, Fondo Checo de Artes Plásticas.
260 _aPraga :
_bUnión de Artistas Plásticos Checos,
_c1986-
300 _a2 v. :
_bil. ;
_c23 cm.
310 _aAnual
362 1 _aN. 0 (1986)-
650 1 7 _aArte checo
_2embne
_9149798
710 2 _aUnión de Artistas Plásticos Checos.
_9149799
852 _aES-MaACL
_jHem-1975
866 0 _o1986,1988.
999 _c1599
_d1599